Etelä-Amerikan valtioiden liput - Statistics

Yleistilastot
  • Tätä visaa on pelattu 425 kertaa
  • Keskiarvotulos 10 / 12
Vastaustilastot
Kuvavisa Vastaus % Oikein
Brasilia
100%
Argentiina
95%
Chile
94%
Kolumbia
82%
Paraguay
82%
Uruguay
82%
Peru
79%
Venezuela
79%
Ecuador
76%
Suriname
71%
Bolivia
69%
Guyana
69%
Ehtoja vastaavia visoja ei löytynyt
Tulosjakauma
Jokaisen tuloksen saaneiden osuus
Persentiili vastausten määrän mukaan
Tuloshistoriasi
Et ole pelannut tätä visaa